[Event "Biella op 6th"]
[Site "Biella"]
[Date "2015.09.25"]
[Round "1"]
[White "Tirelli, Mauro"]
[Black "Autino, Massimiliano"]
[Result "1-0"]
[WhiteElo "2155"]
[BlackElo "1924"]
[PlyCount "63"]
[EventDate "2015.09.25"]
[EventType "swiss"]
[EventRounds "5"]
[EventCountry "ITA"]
[SourceTitle "EXT 2016"]
[Source "ChessBase"]
[SourceDate "2015.10.08"]
[SourceVersion "1"]
[SourceVersionDate "2015.10.08"]
[SourceQuality "1"]

1. d4 d5 2. c4 dxc4 3. e3 b5 4. a4 b4 5. Bxc4 e6 6. Nf3 Nf6 7. 0-0 Be7 8. Qe2 0-0 9. Rd1 Bb7 10. Nbd2 Nbd7 11. Nb3 a5 12. Bd2 c5 13. dxc5 Qc7 14. Rac1 Nxc5 15. Nbd4 Qb6 16. b3 Nce4 17. Be1 Rfd8 18. Ne5 Bd6 19. Nxf7 Kxf7 20. Nxe6 Rdc8 21. f3 Rxc4 22. Qxc4 Qxe3+ 23. Kh1 Rc8 24. Nd8+ Kg6 25. Qf7+ Kh6 26. Ne6 Nh5 27. Nxg7 Nxg7 28. fxe4 Bf4 29. Qf6+ Kh5 30. Qxg7 Qe2 31. Qxh7+ Bh6 32. Qf7+ 1-0

[Event "Biella op 3rd"]
[Site "Biella"]
[Date "2012.09.28"]
[Round "1"]
[White "Autino, Massimiliano"]
[Black "Madiai, Federico"]
[Result "0-1"]
[WhiteElo "1842"]
[BlackElo "2211"]
[PlyCount "88"]
[EventDate "2012.09.28"]
[EventType "swiss"]
[EventRounds "9"]
[EventCountry "ITA"]
[SourceTitle "EXT 2013"]
[Source "ChessBase"]
[SourceDate "2012.11.22"]
[SourceVersion "1"]
[SourceVersionDate "2012.11.22"]
[SourceQuality "1"]

1. c4 e5 2. Nc3 Nf6 3. g3 Bb4 4. Nf3 e4 5. Nd4 0-0 6. Bg2 Re8 7. 0-0 Nc6 8. Nxc6 dxc6 9. a3 Bf8 10. d3 exd3 11. Qxd3 Qxd3 12. exd3 Bf5 13. Rd1 Rad8 14. Bf4 Bxd3 15. Bxc7 Rd7 16. Bh3 Rd4 17. Bf1 Rd7 18. Rxd3 Rxc7 19. Rad1 g6 20. Rd8 Rce7 21. Rxe8 Rxe8 22. Bh3 Bg7 23. Kf1 Kf8 24. Re1 Rd8 25. Rd1 Rxd1+ 26. Nxd1 Ne4 27. Ke2 Ke7 28. Kd3 f5 29. Bg2 Nc5+ 30. Kc2 Ne6 31. Kd3 Bd4 32. b4 g5 33. b5 Kd6 34. Ne3 Kc5 35. bxc6 bxc6 36. Nxf5 Bxf2 37. Ne7 Bg1 38. Nxc6 Bxh2 39. Nxa7 Bxg3 40. Bd5 Nf4+ 41. Ke4 Nxd5 42. cxd5 g4 43. Kf5 h5 44. Kg5 Bb8 0-1

[Event "Robecchetto op-B 20th"]
[Site "Robecchetto"]
[Date "2009.12.29"]
[Round "5"]
[White "Merlotti, Marco"]
[Black "Autino, Massimiliano"]
[Result "0-1"]
[WhiteElo "1661"]
[BlackElo "1823"]
[PlyCount "96"]
[EventDate "2009.12.27"]
[EventType "swiss"]
[EventRounds "6"]
[EventCountry "ITA"]
[SourceTitle "EXT 2023"]
[Source "ChessBase"]
[SourceDate "2022.10.05"]
[SourceVersion "1"]
[SourceVersionDate "2022.10.05"]
[SourceQuality "1"]

1. d4 d6 2. Nf3 c6 3. c4 Nf6 4. Nc3 Bg4 5. e4 Bxf3 6. Qxf3 e5 7. d5 cxd5 8. Nxd5 Nxd5 9. exd5 Be7 10. Bd3 0-0 11. 0-0 Nd7 12. Qh3 g6 13. f4 Bf6 14. f5 Nc5 15. fxg6 fxg6 16. Be2 a5 17. Bg4 Qe7 18. Bh6 Bg7 19. Bxg7 Kxg7 20. Rae1 Rxf1+ 21. Rxf1 Rf8 22. Rxf8 Qxf8 23. Qe3 Qf6 24. Bf3 Qf4 25. Qxf4 exf4 26. b3 Kf6 27. Kf1 Ke5 28. Ke2 Kd4 29. Kd2 g5 30. h3 b6 31. Be2 Ne4+ 32. Kc2 Nc3 33. Bd3 Nxa2 34. Bxh7 Ke3 35. Bf5 Nb4+ 36. Kc3 Na6 37. Bg4 Nc5 38. b4 Ne4+ 39. Kb3 Nd2+ 40. Kc3 Ne4+ 41. Kb3 Kd4 42. Bf3 Nd2+ 43. Ka4 Nxf3 44. gxf3 Kxc4 45. bxa5 bxa5 46. Kxa5 Kxd5 47. Kb4 Kd4 48. Kb3 Ke3 0-1

[Event "Robecchetto op-B 20th"]
[Site "Robecchetto"]
[Date "2009.12.28"]
[Round "3"]
[White "Alberio, Silvio"]
[Black "Autino, Massimiliano"]
[Result "1-0"]
[WhiteElo "1723"]
[BlackElo "1823"]
[PlyCount "69"]
[EventDate "2009.12.27"]
[EventType "swiss"]
[EventRounds "6"]
[EventCountry "ITA"]
[SourceTitle "EXT 2023"]
[Source "ChessBase"]
[SourceDate "2022.10.05"]
[SourceVersion "1"]
[SourceVersionDate "2022.10.05"]
[SourceQuality "1"]

1. d4 e6 2. c4 f5 3. g3 Nf6 4. Bg2 Be7 5. Nh3 0-0 6. 0-0 d6 7. Nd2 Nc6 8. Nf3 Ne4 9. Nf4 g5 10. Nxe6 Bxe6 11. d5 Bd7 12. dxc6 Bxc6 13. Nd4 Qd7 14. e3 Bf6 15. f3 Nc5 16. b4 Ba4 17. Qd2 Ne6 18. Bb2 Nxd4 19. Bxd4 Rae8 20. a3 Qe6 21. f4 Bxd4 22. exd4 Qxc4 23. Rfe1 Bc6 24. d5 Bb5 25. Bf1 Rxe1 26. Rxe1 Qb3 27. Bxb5 gxf4 28. Qxf4 Qxa3 29. Qg5+ Kh8 30. Qh6 Kg8 31. Re7 Qa1+ 32. Bf1 Qd4+ 33. Kg2 Qxd5+ 34. Kh3 Qd4 35. Qxh7# 1-0

[Event "Robecchetto op-B 20th"]
[Site "Robecchetto"]
[Date "2009.12.27"]
[Round "1"]
[White "Salerno, Christian1111"]
[Black "Autino, Massimiliano"]
[Result "0-1"]
[WhiteElo "2153"]
[BlackElo "1823"]
[PlyCount "72"]
[EventDate "2009.12.27"]
[EventType "swiss"]
[EventRounds "6"]
[EventCountry "ITA"]
[SourceTitle "EXT 2023"]
[Source "ChessBase"]
[SourceDate "2022.10.05"]
[SourceVersion "1"]
[SourceVersionDate "2022.10.05"]
[SourceQuality "1"]

1. d4 e6 2. c4 f5 3. e4 fxe4 4. Nc3 Nf6 5. Bg5 Bb4 6. a3 Bxc3+ 7. bxc3 0-0 8. Nh3 d5 9. Be2 c6 10. 0-0 Qe8 11. f4 b6 12. Nf2 Na6 13. Ng4 Nxg4 14. Bxg4 Bd7 15. cxd5 exd5 16. f5 Qc8 17. Qe2 Nc7 18. Be7 Rf7 19. Bh5 Rxe7 20. f6 gxf6 21. Rxf6 Be6 22. Raf1 Rg7 23. Qf2 Kh8 24. Qf4 Bh3 25. Qd6 Rxg2+ 26. Kh1 Rg8 27. Rf7 Bg2+ 28. Kg1 Bxf1+ 29. Kxf1 Qh3+ 30. Ke2 Qd3+ 31. Kf2 e3+ 32. Kf3 e2+ 33. Kf2 e1Q+ 34. Kxe1 Rae8+ 35. Kf2 Qe3+ 36. Kf1 Rg1# 0-1

[Event "Robecchetto op-A 19th"]
[Site "Robecchetto"]
[Date "2008.12.29"]
[Round "5"]
[White "Autino, Massimiliano"]
[Black "Marinone, Lucio"]
[Result "0-1"]
[WhiteElo "1826"]
[BlackElo "2008"]
[PlyCount "84"]
[EventDate "2008.12.27"]
[EventType "swiss"]
[EventRounds "6"]
[EventCountry "ITA"]
[SourceTitle "EXT 2011"]
[Source "ChessBase"]
[SourceDate "2010.11.26"]
[SourceVersion "1"]
[SourceVersionDate "2010.11.26"]
[SourceQuality "1"]

1. d4 Nf6 2. Bg5 e6 3. Nf3 h6 4. Bh4 Be7 5. e3 c5 6. c3 b6 7. Bd3 d5 8. Nbd2 Bb7 9. Bb5+ Bc6 10. Qa4 Bxb5 11. Qxb5+ Qd7 12. Qe2 Nc6 13. 0-0 0-0 14. Rad1 Qc7 15. dxc5 bxc5 16. e4 Rad8 17. exd5 exd5 18. Nb3 Rfe8 19. Rfe1 Ne4 20. Bxe7 Rxe7 21. Qa6 Qb6 22. Qxb6 axb6 23. Re2 Nxc3 24. Rxe7 Nxd1 25. Rb7 Rb8 26. Rc7 Nd8 27. Rd7 d4 28. Nbd2 Nxb2 29. Ne4 Nc4 30. Kf1 Ne6 31. Nd6 Nxd6 32. Rxd6 b5 33. Ke1 Ra8 34. Rb6 b4 35. Ne5 Rxa2 36. Rb8+ Kh7 37. Nxf7 Kg6 38. Ne5+ Kf5 39. Nd3 Ke4 40. Nc1 Rc2 41. Nb3 Kd3 42. Re8 c4 0-1

[Event "Robecchetto op-A 19th"]
[Site "Robecchetto"]
[Date "2008.12.29"]
[Round "4"]
[White "Cavallini, Gianfranco"]
[Black "Autino, Massimiliano"]
[Result "1-0"]
[WhiteElo "2103"]
[BlackElo "1826"]
[PlyCount "71"]
[EventDate "2008.12.27"]
[EventType "swiss"]
[EventRounds "6"]
[EventCountry "ITA"]
[SourceTitle "EXT 2011"]
[Source "ChessBase"]
[SourceDate "2010.11.26"]
[SourceVersion "1"]
[SourceVersionDate "2010.11.26"]
[SourceQuality "1"]

1. g3 d5 2. Bg2 Nf6 3. b3 c6 4. Bb2 Nbd7 5. Nf3 e6 6. d3 Be7 7. Nbd2 0-0 8. 0-0 Re8 9. e4 dxe4 10. dxe4 Qc7 11. e5 Nd5 12. a3 Rd8 13. Qe2 Bf8 14. Rfe1 b6 15. c4 Ne7 16. Ne4 Ng6 17. Neg5 Bb7 18. Nxh7 Kxh7 19. Ng5+ Kg8 20. Qh5 Be7 21. Qh7+ Kf8 22. Nxe6+ fxe6 23. Qxg6 Nc5 24. Re3 Rd7 25. b4 Rad8 26. Rf3+ Kg8 27. Rf7 Bf8 28. Rxd7 Qxd7 29. bxc5 Bxc5 30. Be4 Qf7 31. Qh7+ Kf8 32. Bc3 Qxf2+ 33. Kh1 Qf7 34. Kg2 Qf2+ 35. Kh3 Qf7 36. Bg6 1-0

[Event "Robecchetto op-A 19th"]
[Site "Robecchetto"]
[Date "2008.12.28"]
[Round "3"]
[White "Autino, Massimiliano"]
[Black "Bernasconi, Roberto"]
[Result "1/2-1/2"]
[WhiteElo "1826"]
[BlackElo "1929"]
[PlyCount "57"]
[EventDate "2008.12.27"]
[EventType "swiss"]
[EventRounds "6"]
[EventCountry "ITA"]
[SourceTitle "EXT 2011"]
[Source "ChessBase"]
[SourceDate "2010.11.26"]
[SourceVersion "1"]
[SourceVersionDate "2010.11.26"]
[SourceQuality "1"]

1. d4 d5 2. Nf3 Nf6 3. e3 e6 4. Bd3 Be7 5. Nbd2 Nbd7 6. Qe2 b6 7. 0-0 0-0 8. Re1 Bb7 9. c3 c5 10. e4 dxe4 11. Nxe4 Re8 12. Nxf6+ Bxf6 13. dxc5 Nxc5 14. Bb5 Re7 15. Bf4 a6 16. Rad1 Qc8 17. Bd3 Nxd3 18. Qxd3 Bc6 19. Be5 Rd7 20. Qe3 Rxd1 21. Rxd1 Bxf3 22. gxf3 Bxe5 23. Qxe5 h6 24. Rd6 b5 25. Qd4 Qb7 26. Qe4 Qb8 27. Qc6 Ra7 28. Qb6 Qxb6 29. Rxb6 1/2-1/2

[Event "Bratto op-B 28th"]
[Site "Bratto"]
[Date "2008.08.30"]
[Round "8"]
[White "Villalba, Fernando"]
[Black "Autino, Massimiliano"]
[Result "1/2-1/2"]
[WhiteElo "1847"]
[BlackElo "1809"]
[PlyCount "56"]
[EventDate "2008.08.23"]
[EventType "swiss"]
[EventRounds "9"]
[EventCountry "ITA"]
[SourceTitle "EXT 2011"]
[Source "ChessBase"]
[SourceDate "2010.11.26"]
[SourceVersion "1"]
[SourceVersionDate "2010.11.26"]
[SourceQuality "1"]

1. d4 f5 2. Nf3 Nf6 3. Bf4 g6 4. h3 Bg7 5. e3 d6 6. c3 0-0 7. Be2 Nbd7 8. 0-0 Qe8 9. Na3 a6 10. Qb3+ Kh8 11. Rad1 Ne4 12. Nc4 e5 13. dxe5 dxe5 14. Bh2 Qe6 15. Ncd2 Qxb3 16. axb3 Nxd2 17. Rxd2 h6 18. Rfd1 e4 19. Ne1 Ne5 20. Rd8 Be6 21. Rxa8 Rxa8 22. b4 Kg8 23. Rd2 Kf8 24. Nc2 Ke7 25. Nd4 Rd8 26. Kf1 Rd7 27. Ke1 Nc4 28. Bxc4 Bxc4 1/2-1/2

[Event "Bratto op-B 28th"]
[Site "Bratto"]
[Date "2008.08.27"]
[Round "5"]
[White "Raselli, Claudio"]
[Black "Autino, Massimiliano"]
[Result "1-0"]
[WhiteElo "1962"]
[BlackElo "1809"]
[PlyCount "39"]
[EventDate "2008.08.23"]
[EventType "swiss"]
[EventRounds "9"]
[EventCountry "ITA"]
[SourceTitle "EXT 2011"]
[Source "ChessBase"]
[SourceDate "2010.11.26"]
[SourceVersion "1"]
[SourceVersionDate "2010.11.26"]
[SourceQuality "1"]

1. d4 d5 2. Nf3 Nf6 3. e3 c5 4. c3 e6 5. Bd3 Nc6 6. Nbd2 Bd6 7. 0-0 0-0 8. dxc5 Bxc5 9. e4 dxe4 10. Nxe4 Nxe4 11. Bxe4 Qc7 12. Qe2 Be7 13. Rd1 Bd7 14. Bf4 Qxf4 15. Rxd7 Bc5 16. Rxb7 Ne5 17. Nxe5 Bxf2+ 18. Kh1 Be3 19. Bf3 Qxe5 20. Re1 1-0

[Event "Bratto op-B 28th"]
[Site "Bratto"]
[Date "2008.08.24"]
[Round "2"]
[White "Autino, Massimiliano"]
[Black "Franzini, Stefano"]
[Result "1/2-1/2"]
[WhiteElo "1809"]
[BlackElo "1860"]
[PlyCount "89"]
[EventDate "2008.08.23"]
[EventType "swiss"]
[EventRounds "9"]
[EventCountry "ITA"]
[SourceTitle "EXT 2011"]
[Source "ChessBase"]
[SourceDate "2010.11.26"]
[SourceVersion "1"]
[SourceVersionDate "2010.11.26"]
[SourceQuality "1"]

1. d4 d5 2. Nf3 e6 3. e3 c5 4. c3 Nc6 5. Bd3 Nf6 6. Nbd2 Be7 7. 0-0 Qc7 8. dxc5 Bxc5 9. e4 0-0 10. exd5 exd5 11. Nb3 Bd6 12. h3 h6 13. Re1 a6 14. Nfd4 Ne5 15. Bf5 Re8 16. Bxc8 Raxc8 17. Nf5 Nd3 18. Re3 Bh2+ 19. Kf1 Rxe3 20. Nxe3 Nxc1 21. Rxc1 Re8 22. Qf3 Bf4 23. Re1 Bg5 24. Kg1 Qd6 25. Nd4 Qb6 26. b4 Qc7 27. Nec2 Ne4 28. Na3 Rd8 29. Nb1 Bf6 30. Qd3 Qf4 31. Qe3 Qh4 32. Nf5 Qh5 33. Ng3 Nxg3 34. Qxg3 Qf5 35. Qe3 Qc2 36. a3 d4 37. cxd4 Bxd4 38. Qe2 Qxe2 39. Rxe2 Bf6 40. Rd2 Rxd2 41. Nxd2 Bb2 42. Nc4 Bc3 43. b5 axb5 44. Nd6 b4 45. axb4 1/2-1/2

[Event "ITA-chT2"]
[Site "Arvier"]
[Date "2008.05.02"]
[Round "1"]
[White "Fiorido, Giuseppe"]
[Black "Autino, Massimiliano"]
[Result "1-0"]
[WhiteElo "2116"]
[BlackElo "1809"]
[PlyCount "55"]
[EventDate "2008.05.02"]
[EventType "team"]
[EventRounds "5"]
[EventCountry "ITA"]
[SourceTitle "CBM 124 Extra"]
[Source "ChessBase"]
[SourceDate "2008.07.03"]
[SourceVersion "1"]
[SourceVersionDate "2008.07.03"]
[SourceQuality "1"]

1. e4 d5 2. exd5 Qxd5 3. Nc3 Qd6 4. Bc4 Nf6 5. d4 c6 6. Nf3 Bg4 7. Be3 e6 8. 0-0 Nbd7 9. Be2 Qc7 10. h3 Bh5 11. Ne1 Bxe2 12. Nxe2 Bd6 13. c4 0-0 14. Qc2 e5 15. Nf3 Rfe8 16. Rad1 exd4 17. Nexd4 Ne5 18. Nxe5 Bxe5 19. Nf3 Bf4 20. Bd4 Ne4 21. Rfe1 Ng5 22. Nxg5 Bxg5 23. Qf5 f6 24. Bc3 Rad8 25. Rxe8+ Rxe8 26. Rd7 Qc8 27. Rxg7+ Kxg7 28. Qxg5+ 1-0

[Event "Robecchetto op-A 18th"]
[Site "Robecchetto"]
[Date "2007.12.29"]
[Round "4"]
[White "Fizzotti, Mario"]
[Black "Autino, Massimiliano"]
[Result "0-1"]
[WhiteElo "1843"]
[BlackElo "1827"]
[PlyCount "70"]
[EventDate "2007.12.27"]
[EventType "swiss"]
[EventRounds "6"]
[EventCountry "ITA"]
[SourceTitle "EXT 2011"]
[Source "ChessBase"]
[SourceDate "2010.11.26"]
[SourceVersion "1"]
[SourceVersionDate "2010.11.26"]
[SourceQuality "1"]

1. d4 d6 2. Nf3 Nd7 3. c4 e5 4. Nc3 c6 5. e4 Ngf6 6. Bd3 Be7 7. 0-0 0-0 8. Qe2 Re8 9. Rd1 Qc7 10. h3 Bf8 11. Be3 exd4 12. Nxd4 Nc5 13. f3 Ne6 14. Qf2 b6 15. Rac1 Nxd4 16. Bxd4 Be7 17. f4 Nd7 18. b4 Qd8 19. e5 dxe5 20. Bxe5 Bxb4 21. Qg3 Bc5+ 22. Kh1 f6 23. Bf5 fxe5 24. Qg4 Bd4 25. Be6+ Kh8 26. Ne4 Nf6 27. Ng5 Rxe6 28. Nf7+ Kg8 29. Nxd8 Nxg4 30. Nxe6 Nf2+ 31. Kh2 Nxd1 32. Nc7 Rb8 33. Rxd1 Rb7 34. Ne8 Rd7 35. fxe5 Bxe5+ 0-1

[Event "Robecchetto op-A 18th"]
[Site "Robecchetto"]
[Date "2007.12.28"]
[Round "2"]
[White "Marchesotti, Giovanni"]
[Black "Autino, Massimiliano"]
[Result "1/2-1/2"]
[WhiteElo "1668"]
[BlackElo "1827"]
[PlyCount "81"]
[EventDate "2007.12.27"]
[EventType "swiss"]
[EventRounds "6"]
[EventCountry "ITA"]
[SourceTitle "EXT 2011"]
[Source "ChessBase"]
[SourceDate "2010.11.26"]
[SourceVersion "1"]
[SourceVersionDate "2010.11.26"]
[SourceQuality "1"]

1. c4 e5 2. Nc3 d6 3. Nf3 Nf6 4. d3 Nbd7 5. e4 Be7 6. Be2 0-0 7. 0-0 c6 8. Bd2 a6 9. a3 b5 10. b4 Bb7 11. Qb3 Nb6 12. a4 bxc4 13. dxc4 Rb8 14. a5 Nbd7 15. Qa4 Ba8 16. Rab1 d5 17. cxd5 cxd5 18. exd5 Nxd5 19. Nxd5 Bxd5 20. Rfc1 Bxf3 21. Bxf3 Nc5 22. bxc5 Qxd2 23. Qd1 Qxa5 24. Ra1 Qb4 25. c6 Rfd8 26. Qe2 Rbc8 27. Qxa6 Rc7 28. Rab1 Qf4 29. Re1 Rdc8 30. Rb7 Bd6 31. Rxc7 Rxc7 32. Qa8+ Bf8 33. Qb8 Qd2 34. Rd1 Qa5 35. Bg4 Qa7 36. Qxa7 Rxa7 37. Bd7 Rc7 38. Rb1 g6 39. Rb7 Rxb7 40. cxb7 Bd6 41. Kf1 1/2-1/2

[Event "Robecchetto op-A 18th"]
[Site "Robecchetto"]
[Date "2007.12.27"]
[Round "1"]
[White "Autino, Massimiliano"]
[Black "Quirico, Paolo"]
[Result "0-1"]
[WhiteElo "1827"]
[BlackElo "2092"]
[PlyCount "46"]
[EventDate "2007.12.27"]
[EventType "swiss"]
[EventRounds "6"]
[EventCountry "ITA"]
[SourceTitle "EXT 2011"]
[Source "ChessBase"]
[SourceDate "2010.11.26"]
[SourceVersion "1"]
[SourceVersionDate "2010.11.26"]
[SourceQuality "1"]

1. d4 Nf6 2. Nf3 d5 3. e3 g6 4. Be2 Bg7 5. Nbd2 c5 6. c3 Nbd7 7. 0-0 0-0 8. b4 cxd4 9. cxd4 e5 10. dxe5 Ng4 11. Bb2 Ngxe5 12. Nd4 Nb6 13. Rc1 Bd7 14. b5 Re8 15. Qb3 Bf8 16. N4f3 Bd6 17. Nxe5 Bxe5 18. Bxe5 Rxe5 19. Qc3 Re7 20. Qc7 Qe8 21. Qxb7 Bg4 22. Qxe7 Qxe7 23. Bxg4 Qb4 0-1

[Event "Bratto op-B 27th"]
[Site "Bratto"]
[Date "2007.08.31"]
[Round "8"]
[White "Autino, Massimiliano"]
[Black "Pedemonte, Claudio"]
[Result "1-0"]
[WhiteElo "1779"]
[BlackElo "1915"]
[PlyCount "89"]
[EventDate "2007.08.24"]
[EventType "swiss"]
[EventRounds "8"]
[EventCountry "ITA"]
[SourceTitle "CBM 120 Extra"]
[Source "ChessBase"]
[SourceDate "2007.11.01"]
[SourceVersion "1"]
[SourceVersionDate "2007.11.01"]
[SourceQuality "1"]

1. d4 d5 2. Nf3 Nf6 3. e3 e6 4. Bd3 c5 5. c3 Nc6 6. Nbd2 Bd6 7. 0-0 0-0 8. Re1 b6 9. e4 dxe4 10. Nxe4 Be7 11. dxc5 bxc5 12. Nxf6+ Bxf6 13. Be3 Qe7 14. Be4 Bb7 15. Qa4 Rac8 16. Qb5 Nd8 17. Bxb7 Qxb7 18. Qxb7 Nxb7 19. Rad1 Rfd8 20. Kf1 h6 21. Ke2 Kf8 22. Rxd8+ Rxd8 23. Rd1 Rxd1 24. Kxd1 Ke7 25. Kc2 Kd6 26. c4 a5 27. b3 Nd8 28. Nd2 Kc6 29. Kd3 Nb7 30. Ne4 Be7 31. Bd2 Kb6 32. Bc3 Nd8 33. Bxg7 h5 34. Bf6 Bxf6 35. Nxf6 h4 36. Ke4 Nc6 37. Nd7+ Kc7 38. Nxc5 Kb6 39. Nd7+ Ka6 40. Ne5 Nb4 41. a4 Nc2 42. Nxf7 Na1 43. Ng5 Nxb3 44. Nxe6 Nd2+ 45. Kd5 1-0

[Event "Bratto op-B 27th"]
[Site "Bratto"]
[Date "2007.08.30"]
[Round "7"]
[White "Gallana, Marco"]
[Black "Autino, Massimiliano"]
[Result "1-0"]
[WhiteElo "1949"]
[BlackElo "1779"]
[PlyCount "137"]
[EventDate "2007.08.24"]
[EventType "swiss"]
[EventRounds "8"]
[EventCountry "ITA"]
[SourceTitle "CBM 120 Extra"]
[Source "ChessBase"]
[SourceDate "2007.11.01"]
[SourceVersion "1"]
[SourceVersionDate "2007.11.01"]
[SourceQuality "1"]

1. d4 d5 2. c4 e6 3. Nc3 Be7 4. Nf3 Nf6 5. Bg5 h6 6. Bh4 0-0 7. e3 b6 8. Rc1 Bb7 9. cxd5 exd5 10. Bd3 c6 11. 0-0 Nbd7 12. Qc2 Re8 13. Nd2 Ng4 14. Bg3 Nf8 15. Nf3 Nd7 16. Qe2 Ngf6 17. h3 Bf8 18. Ba6 Qc8 19. Bd3 Qd8 20. Bb1 c5 21. Rfd1 cxd4 22. Nxd4 Bc5 23. Ncb5 Ba6 24. Qd2 Bxb5 25. Nxb5 Ne5 26. b4 Nc4 27. Rxc4 dxc4 28. bxc5 Qxd2 29. Rxd2 Rad8 30. Rxd8 Rxd8 31. c6 Rc8 32. Bf5 Rxc6 33. Nxa7 Rc5 34. Bc2 Ra5 35. Nc6 Rxa2 36. Nb4 Rb2 37. Bd6 Ne8 38. Be7 f6 39. Bg6 Nc7 40. Kf1 Ne6 41. Nd5 Nf8 42. Be8 b5 43. Bb4 Rb1+ 44. Ke2 Rb2+ 45. Kf3 Ne6 46. h4 Nc7 47. Nxc7 Rxb4 48. Nxb5 Kf8 49. Bc6 Ke7 50. Nd4 Kd6 51. Be4 g5 52. hxg5 hxg5 53. Bc2 Rb2 54. Ke4 Kc5 55. Kf5 Rb6 56. Ne6+ Kb4 57. Kxf6 Kc3 58. Bf5 Kd2 59. Kxg5 Ke2 60. g4 c3 61. Nd4+ Kxf2 62. Kf4 Ke1 63. g5 Kd2 64. g6 Rb7 65. Ne6 Rb4+ 66. Kf3 Rb8 67. g7 c2 68. Bxc2 Kxc2 69. Nf8 1-0